| 000 | 00573nam a22001817a 4500 | ||
|---|---|---|---|
| 999 |
_c264472 _d264471 |
||
| 003 | OSt | ||
| 005 | 20240906104214.0 | ||
| 008 | 240906b xxu||||| |||| 00| 0 eng d | ||
| 020 | _a92-803-1202-2 | ||
| 040 | _cRU | ||
| 050 |
_aLC215 _b.H65 2000 |
||
| 110 | _aUNESCO IIEP | ||
| 245 |
_aPositioning secondary school education in developing countries: _bexpansion and curriculum _cHolsinger, Donald B., Cowell, Richard N. |
||
| 260 |
_aParis, France _bUNESCO,IIEP _c2000 |
||
| 300 | _a92 p. | ||
| 490 | _aPolicies and strategies for secondary education | ||
| 942 |
_2lcc _cJN |
||